000 00261nam a2200121 i 4500
001 bg
245 0 _aIssledovija po Prikladnoj... Nr.6.
260 _aKazan,
_c1979.
040 _cBPK
041 _apol
942 _cKS
008 s pl f |000 0 pol
999 _c9431
_d9431
856 _uhttp://koha.tu.koszalin.pl/cgi-bin/koha/opac-detail.pl?biblionumber=9431
_yKatalog online BPK